| 000 | 01240nam a2200313Ia 4500 | ||
|---|---|---|---|
| 001 | ebr10627032 | ||
| 003 | CaPaEBR | ||
| 006 | m u | ||
| 007 | cr cn||||||||| | ||
| 008 | 111102s2012 dcua sb 000 0 eng d | ||
| 020 | _z9781475510553 | ||
| 020 | _z9781475565546 | ||
| 040 |
_aCaPaEBR _cCaPaEBR |
||
| 035 | _a(OCoLC)810063419 | ||
| 050 | 1 | 4 |
_aHJ8015 _b.C44 2012eb |
| 100 | 1 | _aCherif, Reda. | |
| 245 | 1 | 0 |
_aPublic debt dynamics _h[electronic resource] : _bthe effects of austerity, inflation, and growth shocks / _cprepared by Reda Cherif and Fuad Hasanov. |
| 260 |
_aWashington, DC : _bInternational Monetary Fund, _c2012. |
||
| 300 |
_a27 p. : _bill. |
||
| 490 | 0 |
_aIMF working paper ; _v12/230 |
|
| 504 | _aIncludes bibliographical references. | ||
| 533 |
_aElectronic reproduction. _bPalo Alto, Calif. : _cebrary, _d2011. _nAvailable via World Wide Web. _nAccess may be limited to ebrary affiliated libraries. |
||
| 650 | 0 | _aDebts, Public. | |
| 650 | 0 | _aInflation (Finance) | |
| 655 | 7 |
_aElectronic books. _2local |
|
| 700 | 1 |
_aHasanov, Fuad, _d1978- |
|
| 710 | 2 | _aebrary, Inc. | |
| 856 | 4 | 0 |
_uhttp://site.ebrary.com/lib/rucke/Doc?id=10627032 _zAn electronic book accessible through the World Wide Web; click to view |
| 999 |
_c51438 _d51438 |
||